[Event "AUTO-INT-3146"]
[Site "http://www.queenalice.com/game.php?id=1427553"]
[Date "2016.6.14"]
[Round "1"]
[White "brianb65"]
[Black "TheAvenger"]
[Result "1-0"]
[WhiteElo "1743"]
[BlackElo "1498"]

1. Nf3 Nf6 2. d4 d5 3. c4 dxc4 4. Nc3 e6 5. Bg5 h6 6. Bf4 c5 7. e3 Nc6 8. Bxc4
cxd4 9. exd4 Bb4 10. O-O O-O 11. Re1 Nh5 12. Be3 Nf6 13. h3 Nd5 14. Bxd5 exd5
15. Rc1 Bf5 16. a3 Bxc3 17. bxc3 Qd6 18. a4 f6 19. Qb3 Na5 20. Qb4 Qa6 21. Qc5
Be6 22. Qc7 Rac8 23. Qg3 Kh8 24. Nh4 Bf7 25. Nf5 Rg8 26. Ne7 1-0

[Event "AUTO-INT-3146"]
[Site "http://www.queenalice.com/game.php?id=1427554"]
[Date "2016.6.14"]
[Round "1"]
[White "TheAvenger"]
[Black "brianb65"]
[Result "0-1"]
[WhiteElo "1492"]
[BlackElo "1749"]

1. e4 c6 2. d4 d5 3. Nc3 dxe4 4. f3 exf3 5. Nxf3 Bg4 6. Be2 Nf6 7. h3 Bf5 8. Bd3
Bxd3 9. Qxd3 e6 10. a3 Bd6 11. Bg5 Bg3+ 12. Kd2 O-O 13. Rad1 h6 14. Be3 Nbd7 15.
Kc1 Re8 16. Qd2 Nb6 17. Qe2 Bd6 18. g4 Nfd5 19. Nxd5 Nxd5 20. c4 Nxe3 21. Qxe3
Qf6 22. Qe2 b6 23. h4 Qf4+ 24. Nd2 Be7 25. d5 cxd5 0-1

[Event "AUTO-INT-3146"]
[Site "http://www.queenalice.com/game.php?id=1427567"]
[Date "2016.6.14"]
[Round "1"]
[White "saturnin"]
[Black "TheAvenger"]
[Result "0-1"]
[WhiteElo "1563"]
[BlackElo "1423"]

1. d4 d5 2. e3 e6 3. Nc3 Nf6 4. Nf3 c5 5. a3 Nc6 6. Bb5 Bd7 7. dxc5 Bxc5 8. O-O
Bd6 9. h3 O-O 10. a4 a6 11. Bd3 e5 12. Nd2 Bc7 13. g4 e4 14. Be2 h6 15. f3 exf3
16. Nxf3 Re8 17. Kf2 Ne4+ 18. Nxe4 dxe4 19. Nd4 Qh4+ 20. Kg2 Qg3+ 0-1

[Event "AUTO-INT-3146"]
[Site "http://www.queenalice.com/game.php?id=1427568"]
[Date "2016.6.14"]
[Round "1"]
[White "TheAvenger"]
[Black "saturnin"]
[Result "0-1"]
[WhiteElo "1482"]
[BlackElo "1582"]

1. e4 d6 2. d4 c6 3. Nf3 b5 4. Bd3 g6 5. a3 a5 6. Nc3 Bg7 7. O-O d5 8. exd5 Bd7
9. dxc6 Bxc6 10. Bxb5 Nf6 11. Be2 O-O 12. Re1 h6 13. Be3 Ng4 14. Bc4 Nxe3 15.
Rxe3 e6 16. Ne5 Bb7 17. Nxg6 fxg6 18. Rxe6 Kh7 19. Ne2 Nc6 20. c3 Qc7 21. Bd3
Rf6 22. Re3 Ne7 23. Qc2 Nd5 24. Rg3 Ne7 25. Re1 Qc6 26. Nf4 Kg8 27. Nxg6 Nxg6
28. Bxg6 a4 29. Be4 Qc7 30. d5 Rd6 31. Rd1 Kf7 32. Qd3 Qb6 33. Rd2 Rg8 34. Qe3
Qc7 35. Qd3 Ke8 36. Qb5+ Kd8 37. Qxa4 Ra6 38. Qd1 Qe7 39. Bd3 Rd6 40. c4 Kc7 41.
Bh7 Rh8 42. Bf5 Qf6 43. Rf3 Qd8 0-1

[Event "AUTO-INT-3146"]
[Site "http://www.queenalice.com/game.php?id=1427575"]
[Date "2016.6.14"]
[Round "1"]
[White "Ricardoabreu"]
[Black "TheAvenger"]
[Result "1-0"]
[WhiteElo "1594"]
[BlackElo "1468"]

1. b3 e5 2. Bb2 Nc6 3. g3 Nf6 4. Nf3 e4 5. Nd4 Nxd4 6. Bxd4 c5 7. Bb2 d5 8. d3
Bf5 9. Bg2 Be7 10. dxe4 Bxe4 11. Bxe4 dxe4 12. Qxd8+ Rxd8 13. Nc3 O-O 14. O-O
Rd2 15. Rac1 Rfd8 16. e3 a6 17. Na4 b5 18. Nc3 c4 19. bxc4 bxc4 20. Rfd1 Ng4 21.
Rf1 f5 22. h3 Nf6 23. Rfd1 Bb4 24. Rxd2 Rxd2 25. a3 Bxc3 26. Bxc3 Rd6 27. Rb1
Nd5 28. Bd4 Rd7 29. g4 f4 30. Rb8+ Kf7 31. Kg2 fxe3 32. fxe3 Nf4+ 33. Kg3 Ne2+
34. Kf2 Nxd4 35. exd4 Rxd4 36. Ke3 Rd1 37. Kxe4 Rc1 38. Ra8 Rxc2 39. h4 c3 40.
Kd3 Rg2 41. Kxc3 Rxg4 42. Rxa6 Rxh4 43. Ra7+ Kg6 44. a4 h5 45. a5 Ra4 46. Kb3
Rf4 47. Rb7 h4 48. a6 Rf8 49. a7 Ra8 50. Kb4 Kh6 51. Ka5 g5 52. Kb6 h3 53. Rb8
Rxa7 54. Kxa7 Kh5 55. Kb6 Kg4 56. Rh8 Kg3 57. Kc5 h2 58. Kd4 Kg2 59. Ke3 g4 60.
Kf4 g3 61. Kg4 h1=N 62. Rxh1 1-0

[Event "AUTO-INT-3146"]
[Site "http://www.queenalice.com/game.php?id=1427576"]
[Date "2016.6.14"]
[Round "1"]
[White "TheAvenger"]
[Black "Ricardoabreu"]
[Result "0-1"]
[WhiteElo "1457"]
[BlackElo "1605"]

1. e4 b6 2. d4 e6 3. Nf3 Bb7 4. Bd3 Nf6 5. Bg5 h6 6. Bxf6 Qxf6 7. a3 Nc6 8. e5
Qe7 9. O-O O-O-O 10. Nc3 f6 11. exf6 Qxf6 12. Ne4 Qe7 13. Re1 g5 14. h3 Qg7 15.
c3 g4 16. hxg4 Qxg4 17. Nh2 Qh4 18. Nf3 Qg4 19. Nf6 Qg7 20. Nh5 Qf7 21. Ne5 Nxe5
22. Rxe5 d6 23. Re3 Rg8 24. Rg3 Rxg3 25. Nxg3 Be7 26. Qh5 Qf6 27. Re1 Rf8 28.
Re2 Bc6 29. Qg6 Qxg6 30. Bxg6 Rg8 31. Bf7 Rg7 32. Bxe6+ Kb7 33. d5 Bb5 34. Re1
Bg5 35. Nf5 Rg6 36. Ne3 h5 37. b3 Bd3 38. Bf5 Bxf5 39. Nxf5 Bd2 40. Re2 Bxc3 41.
Re3 Be5 42. Ne7 Rg4 43. g3 Rg7 44. Nc6 Bb2 45. a4 Ba3 46. Kh2 Bc5 47. Re2 Rg5
48. Ne7 Rg7 49. f4 a5 50. Kh3 Rg4 51. Re6 Bf2 52. Rg6 Rxg6 53. Nxg6 Ka6 54. f5
Bd4 55. Kh4 b5 56. Kxh5 bxa4 57. bxa4 Kb6 58. Nf4 Be5 59. Kg6 Kc5 60. f6 Bxf6
61. Kxf6 Kb4 62. g4 Kxa4 0-1

[Event "AUTO-OPEN-3671"]
[Site "http://www.queenalice.com/game.php?id=1429039"]
[Date "2016.6.25"]
[Round "1"]
[White "TheAvenger"]
[Black "wiktormool"]
[Result "0-1"]
[WhiteElo "1447"]
[BlackElo "1861"]

1. e4 c5 2. Nf3 Nc6 3. Nc3 g6 4. d4 cxd4 5. Nxd4 Bg7 6. Be3 Qb6 7. Nxc6 Qxc6 8.
Bd4 e5 9. Be3 Nf6 10. Bb5 Qc7 11. O-O a6 12. Bd3 O-O 13. h3 d6 14. Na4 Nd7 15.
Nc3 Nb6 16. Bxb6 Qxb6 0-1

[Event "AUTO-OPEN-3671"]
[Site "http://www.queenalice.com/game.php?id=1429040"]
[Date "2016.6.25"]
[Round "1"]
[White "wiktormool"]
[Black "TheAvenger"]
[Result "1-0"]
[WhiteElo "1859"]
[BlackElo "1470"]

1. e4 e5 2. Nf3 Nc6 3. Bb5 a6 4. Bxc6 dxc6 5. Nxe5 Qd4 6. Nf3 Qxe4+ 7. Qe2 Qxe2+
8. Kxe2 Bg4 9. h3 Bxf3+ 10. Kxf3 O-O-O 11. d3 Nf6 12. Bg5 Be7 13. Re1 Rhe8 14.
Nc3 h6 15. Bxf6 Bxf6 16. g3 Bxc3 17. bxc3 1-0

[Event "AUTO-OPEN-3671"]
[Site "http://www.queenalice.com/game.php?id=1429041"]
[Date "2016.6.25"]
[Round "1"]
[White "TheAvenger"]
[Black "BobbySponja"]
[Result "1-0"]
[WhiteElo "1445"]
[BlackElo "1830"]

1. e4 e5 2. f4 d5 3. exd5 exf4 4. Nf3 Qxd5 5. Nc3 Qd8 6. d4 Bb4 7. Bxf4 Nf6 8.
Bg5 h6 9. Qe2+ Be6 10. Bxf6 Bxc3+ 11. bxc3 Qxf6 12. Qb5+ Bd7 13. Qxb7 Bc6 14.
Qxc7 Qe6+ 15. Qe5 O-O 16. Qxe6 fxe6 17. Ne5 Bd5 18. c4 Be4 19. O-O-O a5 20. Rg1
Na6 21. Bd3 Bb7 22. Rde1 Rf2 23. Re2 Rff8 24. Bg6 Nb4 25. c3 Nc6 26. Nxc6 Bxc6
27. Rxe6 Ba4 28. Re2 Rac8 29. c5 1-0

[Event "AUTO-OPEN-3671"]
[Site "http://www.queenalice.com/game.php?id=1429042"]
[Date "2016.6.25"]
[Round "1"]
[White "BobbySponja"]
[Black "TheAvenger"]
[Result "1-0"]
[WhiteElo "1763"]
[BlackElo "1504"]

1. d4 d5 2. Nc3 Nf6 3. Nf3 Nc6 4. e3 a6 5. Bd3 e5 6. dxe5 Ng4 7. O-O Ngxe5 8.
Nxe5 Nxe5 9. Nxd5 Qxd5 10. a4 Bd6 11. Bb5+ Qc6 12. Bxc6+ Nxc6 13. Bd2 Be6 14.
Bc3 O-O 15. Qc1 Rfe8 16. b3 Rad8 17. Qb2 Bf8 18. Rfd1 f6 19. Rxd8 Nxd8 20. Rd1
Be7 21. Ba5 b6 22. Bc3 a5 23. Bd4 Nc6 24. Bc3 Bf5 25. Bd4 Nxd4 26. Rxd4 Bd6 27.
Qc1 Be5 28. Rd1 Bd6 29. c4 Bc5 30. Rd5 Be4 31. Rd1 Bf5 32. h3 h6 33. Rd5 Be6 34.
Rxc5 1-0

[Event "BobbySponja-2"]
[Site "http://www.queenalice.com/game.php?id=1430758"]
[Date "2016.7.7"]
[Round "1"]
[White "TheAvenger"]
[Black "roqqk"]
[Result "1-0"]
[WhiteElo "1475"]
[BlackElo "1810"]

1. e4 e5 2. d4 Nf6 3. Bg5 Be7 4. f3 h6 5. Bh4 g5 6. Bg3 Nh5 7. Bxe5 Rg8 8. d5
Bc5 9. Nc3 f6 10. Bd4 d6 11. Bxc5 dxc5 12. Qd2 a6 13. O-O-O Nd7 14. g4 Nf4 15.
a4 Ne5 16. h4 b5 17. axb5 axb5 18. Bxb5+ Bd7 19. Bf1 Qb8 20. hxg5 hxg5 21. Qh2
Ra1+ 22. Kd2 Rxd1+ 23. Nxd1 Qa7 24. Qh7 c4 25. Qxg8+ Ke7 26. Rh7+ Nf7 27. Qxf7+
Kd8 28. Qxd7# 1-0